| 000 | 00612nam a22002057a 4500 | ||
|---|---|---|---|
| 005 | 20240312084435.0 | ||
| 008 | 240222b |||||||| |||| 00| 0 eng d | ||
| 020 | _a9788131243046 | ||
| 082 |
_a617.6342 _bCOH-P |
||
| 100 | _aCohan | ||
| 245 |
_aCohens Pathway of the pulp / _c by Cohan ; edited by Kennth M Hargreaves |
||
| 250 | _a1st ed. | ||
| 260 |
_aIndia : _bElsevier ; _c2016 . |
||
| 300 |
_axvi ,1105 p. : _bill ; _c27 cm . |
||
| 500 | _aInclude Index. Hard binding. | ||
| 650 | _aMedical / Dentistry | ||
| 700 | _aEdited by Louis H Berman | ||
| 700 | _aEdited by Kennth M Hargreaves | ||
| 999 |
_c35171 _d35171 |
||